| 000 | 01109nam a22002297a 4500 | ||
|---|---|---|---|
| 999 |
_c185 _d185 |
||
| 003 | AR-BaISA | ||
| 005 | 20220523181949.0 | ||
| 007 | ta | ||
| 008 | 170908s1994 ck a|||| |||| 001 0 spa d | ||
| 020 | _a958918104X | ||
| 040 | _cAR-BaISA | ||
| 082 | 0 | 4 |
_222 _a616.025 M291 |
| 100 | 1 | 0 |
_9434 _aMalagón-Londoño, Gustavo |
| 245 | 1 | 0 |
_aManejo integral de urgencias / _bGustavo Malagón-Londoño...[et al.] |
| 260 |
_aBogotá: _bMédica Panamericana, _cimpresión de 1994 |
||
| 300 |
_a607 p.: _bil. |
||
| 504 | _aBibliografía al final de cada capítulo | ||
| 504 | _aÍndice analítico p: [605]-607 | ||
| 505 |
_tAtención del paciente en shock -- _tUrgencias en pediatría -- _tUrgencias cardiovasculares -- _tUrgencias en el aparato digestivo -- _tUrgencias neuroquirurgicas -- _tUrgencias en otorrinolaringología -- _tUrgencias en oftalmología -- _tUrgencias en el aparato locomotor -- _tUrgencias en urología -- _tUrgencias en gineco-obstetricia -- _tUrgencias psiquiátricas -- _tUrgencias en toxicología -- _tUrgencias odontológicas |
||
| 650 | 1 | 4 |
_aMedicina de emergencia _9432 |
| 942 |
_2ddc _cLI |
||